000 01170nam a22003137a 4500
003 CHAP
005 20220329134328.0
008 971013s1967 r 00010 d
010 _a18859
011 _a19831
035 _a23916
040 _cCHAP
082 _a630.72
_bC47 1967
110 _aCentro de Investigaciones y Extensión Agropecuarias de la Chontalpa. Cárdenas, Tab.
_921134
245 _aSeminario de resultados (1) : 1967
260 _aCárdenas, Tab. :
_bEl Centro,
_c1967
300 _a51 h.
_b; gráfs.
590 _aBATCH-UPD
_b10
_c20130110
_lUCH01
_h1140
590 _aBATCH-UPD
_b10
_c20130410
_lUCH01
_h0726
590 _aCONVERSION
_b10
_c20130109
_lUCH01
_h1311
650 1 4 _aAgricultura
_xInvestigacion
_xTabasco.
_91682
650 1 4 _aAgricultura
_xTabasco.
_91830
901 _aBK
942 _cLIBRO
949 _a630.72 C47 1967
_bBC
_cLIBRO
_d33724000036752
_eLIBRO
_fc.3
_h13548
_i23916
_si
949 _a630.72 C47 1967
_bBC
_cLIBRO
_d33724000037560
_eLIBRO
_h38169
_i23916
_si
949 _a630.72 C47 1967
_bBC
_cLIBRO
_d33724000037677
_eLIBRO
_fc.4
_h13360
_i23916
_si
949 _a630.72 C47 1967
_bBC
_cLIBRO
_d33724000037685
_eLIBRO
_fc.2
_h15262
_i23916
_si
999 _c18859
_d18859